000
00266nam a22001217a 4500
041
_a
ENG
100
_a
waclaw Micuta
245
_a
Modern Stoves For All
260
_a
Delhi
_b
Bellerive Foundation
_c
1981
300
_a
60
650
_a
EOES (12)
856
_u
EOES (12)
999
_c
2713
_d
2713